Effect of Nitrogen on Growth, Fruiting and Qualityy of Guava (Pisidium Gunjana L.) (Record no. 50156)

MARC details
000 -LEADER
fixed length control field 00438nam a22001577a 4500
003 - CONTROL NUMBER IDENTIFIER
control field OSt
008 - FIXED-LENGTH DATA ELEMENTS--GENERAL INFORMATION
fixed length control field 260423b |||||||| |||| 00| 0 eng d
082 ## - DEWEY DECIMAL CLASSIFICATION NUMBER
Classification number 634.421
Item number Y-1I
100 ## - MAIN ENTRY--PERSONAL NAME
Personal name Yadav, Yadunandan Prasad
245 ## - TITLE STATEMENT
Title Effect of Nitrogen on Growth, Fruiting and Qualityy of Guava (Pisidium Gunjana L.)
260 ## - PUBLICATION, DISTRIBUTION, ETC. (IMPRINT)
Place of publication, distribution, etc Pusa, Samastipur
Name of publisher, distributor, etc RAU
Date of publication, distribution, etc 1987
300 ## - PHYSICAL DESCRIPTION
Extent 53P.
502 ## - DISSERTATION NOTE
Degree type Msc.
Year degree granted 1987
650 ## - SUBJECT ADDED ENTRY--TOPICAL TERM
Topical term or geographic name as entry element Horticulture
942 ## - ADDED ENTRY ELEMENTS (KOHA)
Source of classification or shelving scheme
Koha item type Thesis
Holdings
Withdrawn status Lost status Source of classification or shelving scheme Damaged status Not for loan Home library Current library Date acquired Total Checkouts Full call number Barcode Date last seen Bill Date Koha item type
          Dr. Rajendra Prasad Central Agricultural University Pusa, Dr. Rajendra Prasad Central Agricultural University Pusa, 23/04/2026   634.421 Y-1I 39372 23/04/2026 23/04/2026 Thesis
Hosted, Implemented, Customized & Maintained by: BestBookBuddies

Powered by Koha